| 000 | 00976nam a2200229Ia 4500 | ||
|---|---|---|---|
| 001 | 11177 | ||
| 003 | GE_BSU | ||
| 008 | 181216s||||||||xx |||||||||||||| ||und|| | ||
| 040 | _cGE_BSU | ||
| 080 | _a502.1(075.8) | ||
| 100 | _aვორონცოვი ა. | ||
| 245 | _aბუნების დაცვა | ||
| 245 | _bსახელმძღ. სატყეო-ტექნიკური უმაღლესი სასწავლებლებისა და ფაკულტეტებისათვის | ||
| 245 | _cრედ.ვ.დარახველიძე მთარგმ. ვ.დარახველიძე და სხვ. ქართული თარგმ. რედ. ნ.ქანთარია | ||
| 260 | _aთბილისი. | ||
| 260 | _bგანათლება. | ||
| 260 | _c1985 | ||
| 300 | _a416გვ.22სმ. | ||
| 300 | _eილ; | ||
| 653 | _aბუნების დაცვა | ||
| 942 | _cBK | ||
| 999 |
_c44411 _d44411 |
||